UITU Library & LRC     

20 Minute Manager Performance Reviews (Record no. 17256)

MARC details
000 -LEADER
fixed length control field 00476nam a2200181Ia 4500
008 - FIXED-LENGTH DATA ELEMENTS--GENERAL INFORMATION
fixed length control field 240925s9999 xx 000 0 und d
020 ## - INTERNATIONAL STANDARD BOOK NUMBER
International Standard Book Number 9781633690066
082 ## - DEWEY DECIMAL CLASSIFICATION NUMBER
Classification number 658.3125 PRE
100 ## - MAIN ENTRY--PERSONAL NAME
Personal name Press, Harvard Business
245 #0 - TITLE STATEMENT
Title 20 Minute Manager Performance Reviews
250 ## - EDITION STATEMENT
Edition statement NA
260 ## - PUBLICATION, DISTRIBUTION, ETC.
Place of publication, distribution, etc. Boston:
Name of publisher, distributor, etc. Harvard Business Review
Date of publication, distribution, etc. ,2015.
300 ## - PHYSICAL DESCRIPTION
Extent 458p.
Other physical details 0
Type of unit Original
500 ## - GENERAL NOTE
General note Includes Index
600 ## - SUBJECT ADDED ENTRY--PERSONAL NAME
Personal name Management
650 ## - SUBJECT ADDED ENTRY--TOPICAL TERM
Topical term or geographic name entry element Management
942 ## - ADDED ENTRY ELEMENTS (KOHA)
Koha item type Books
Holdings
Withdrawn status Lost status Damaged status Not for loan Collection Home library Current library Date acquired Source of acquisition Cost, normal purchase price Total checkouts Full call number Barcode Date last seen Price effective from Koha item type
        Managament Sciences UITU Library UITU Library 02/06/2019 Book Station 695.00   658.3125 PRE Q14757 09/25/2024 09/25/2024 Books

Powered by Koha